• 首页
  • 本馆介绍
  • 公告通知
  • 最新文献
  • 馆藏检索
  • 电子资源
  • 读者导购
  • 参考咨询
  • 我的图书馆
  • 登录
  • 详细信息显示
  • 放入我的书架
  • 预约/预借图书
  • 作者相关作品
  • 分类相关作品
  • 丛书相关作品
  • 出版社相关作品

书目信息

  • 表格格式
  • 工作单格式
  • 卡片格式
题名:
人身保险
    
 
作者: 刘冬姣 主编
分册:  
出版信息: 北京   中国金融出版社  2010
页数: 355页
开本: 26cm
丛书名:
单 册:
中图分类: F840.62
科图分类:
主题词: 人身保险--高等学校--教材
电子资源:
ISBN: 978-7-5049-5532-6
000 00859nam0 2200253 450
001 338836
005 20150603153156.89
010    @a978-7-5049-5532-6@dCNY42.00
100    @a20101207d2010 em y0chiy50 ea
101 0  @achi
102    @aCN@b110000
105    @ay z 000yy
106    @ar
200 1  @a人身保险@Aren shen bao xian@f刘冬姣主编
205    @a第2版
210    @a北京@c中国金融出版社@d2010
215    @a355页@d26cm
300    @a普通高等教育“十一五”国家级规划教材 21世纪高等学校保险学系列教材
330    @a本书介绍了人身保险的产生与发展, 人身保险合同, 人寿保险, 人身意外伤害保险, 健康保险, 人身保险的营销, 人身保险的理赔, 人身保险的监管等内容。
606 0  @a人身保险@x高等学校@j教材
690    @aF840.62@v5
701  0 @a刘冬姣@Aliu dong jiao@c(女, @f1963)@4主编
801  0 @aCN@b卓展宏图@c20150525
905    @dF840.62@e120=2@f5
    
    人身保险/刘冬姣主编.-第2版.-北京:中国金融出版社,2010
    355页;26cm
    普通高等教育“十一五”国家级规划教材 21世纪高等学校保险学系列教材
    
    ISBN 978-7-5049-5532-6:CNY42.00
    本书介绍了人身保险的产生与发展, 人身保险合同, 人寿保险, 人身意外伤害保险, 健康保险, 人身保险的营销, 人身保险的理赔, 人身保险的监管等内容。
●
相关链接 在E读中查询图书 在五车中查询图书 在当当中查询图书 在豆瓣中查询图书


正题名:人身保险     索取号:F840.62/120=2         预约/预借

序号 登录号 条形码 馆藏地/架位号 状态 备注
1 860778   208607783   第一样本阅览室/ [索取号:F840.62/120=2] 在馆    
2 860779   208607792   第一借阅区/ [索取号:F840.62/120=2] 在馆    
3 860780   208607809   第一借阅区/ [索取号:F840.62/120=2] 在馆    
4 860781   208607818   第一借阅区/ [索取号:F840.62/120=2] 在馆    
5 860782   208607827   密集书库-海洋学院/ [索取号:F840.62/120=2] 在馆    
唐山师范学院图书馆 欢迎您!
大连网信软件有限公司© 版权所有